000 00782cab a2200241 4500
001 ABS58368
008 090401t1998 xxu||||| |||| 00| 0 eng d
035 _a(Sirsi) u84229
041 _aeng
100 _aWaldegrave, W.
245 _aRight to roam: a new crossroads
260 _c1998
350 _a0
490 _aCountry Life
_v5 February 1998, 32-39(5)
520 _aThe author, the former chief secretary to the Treasury warns that the government must act carefully on the issue of access to the countryside to avoid a deep split between the people of the town and country.
650 _aACCESS TO THE COUNTRYSIDE
650 _aLANDOWNERS
650 _aRIGHT TO ROAM
650 _aRURAL AREAS
690 _aRURAL PRACTICE
942 _n0
948 _c13/02/1998
999 _c52926
_d52926